| 000 | 00949nam0a22002651 4500 | ||
|---|---|---|---|
| 001 | rc\4432193 | ||
| 005 | 20250612082142.0 | ||
| 021 |
_aRU _b[58-44808] |
||
| 035 | _a(NLR Aleph) 008576466 | ||
| 090 |
_a8557940 _c8557940 |
||
| 100 | _a20130416d1958 |||y0rusy50 ca | ||
| 101 | 0 | _arus | |
| 102 | _aRU | ||
| 105 | _aa z ||||| | ||
| 200 | 1 |
_aИсследование работы тяговых пластинчатых цепей _fВсесоюз. науч.-исслед. ин-т подъемно-трансп. машиностроения ВНИИПТМаш |
|
| 210 |
_aМосква _cБ. и. _d1958 |
||
| 215 |
_a90 с., 1 л. табл. _cил. _d22 |
||
| 225 | 1 | _a[Научно-техническая информация] | |
| 606 |
_aЦепи тяговые _2psbo |
||
| 700 | 1 |
_aИвашков _bИ.И. _gИлья Ильич |
|
| 801 | 0 |
_aRU _bNLR _gpsbo |
|
| 801 | 1 |
_aRU _bELAR _2rusmarc |
|
| 852 |
_aNLR _j58-6/6482 |
||
| 942 | _cBOOK | ||
| 980 | _aNB | ||